|
|
|
|
| LEADER |
00000nab a2200000uu 4500 |
| 001 |
vtls011515874 |
| 003 |
SK-MaSNL |
| 005 |
20260305004622.0 |
| 008 |
180924|1907 xo |||||||||||||||||slo| |
| 015 |
|
|
|a SNBRB
|
| 035 |
|
|
|a (urnnbn)urn:nbn:sk:snk:ar-001l9n
|
| 035 |
|
|
|a (uuid)9b62c861-db61-4f05-8073-f23df5ffa4bb
|
| 035 |
|
|
|a urn:nbn:sk:snk-abe5ff
|
| 040 |
|
|
|a SNKBUCL
|b slo
|c SNKBUCL
|e AACR2
|
| 041 |
0 |
|
|a slo
|
| 044 |
|
|
|a xo
|c SK
|
| 100 |
1 |
|
|a Hviezdoslav, Pavol Országh,
|d 1849-1921
|4 aut
|9 92721
|
| 245 |
1 |
0 |
|a Rozpomienka
|c Hviezdoslav
|
| 655 |
|
7 |
|a slovenská poézia
|2 SNKPH
|9 70444
|
| 773 |
0 |
|
|t Slovenské pohľady
|g Roč. 27, č. 1 (1907), s. 35-36
|
| 958 |
|
|
|a ONDV
|
| 958 |
|
|
|a article21
|
| 999 |
|
|
|c 3236621
|d 3238551
|